1971 1148 1610 1078 1001 1406 1090 1508 1339 1507 1262 1803 1148 1693 1537 1711 1539 1595 1412 1686 1648 1713 1710 1572 1383 1326 1503 1047 1528 1551 1004 1573 1121 1693 1842 1948 1470 1228 1881 1229 1879 1909 1685 1033 1697 1278 1846 1244 1020 1500 1316 1352 1107 1966 1379 1251 1749 1640 1115 1647 1256 1513 1777 1068 1696 1659 1015 1797 1591 1110 1956 1228 1521 1138 1540 1448 1709 1898 1719 1282 1534 1426 1953 1672 1984 1513 1143 1643 1608 1300 1566 1944 1710 1761 1807 1844 1985 1889 1491 BCNSPRNW ULIB Ver.6.0+V

เปลี่ยนเป็นภาษาไทย

Change to English
 แสดงรายละเอียดบรรณานุกรม
  กลับหน้าหลัก

Brief Record : Get Marc (ISO 2709) : E-mail record : QR code < ปิดหน้าต่าง
LEADER : 00000nam 2200000uu 4500
001    13399124758
003     ULIB
008    160223s2556||||th 000 0 tha d
020    ^a9789749781333
060  4 ^aWY159^bก125ก
100 0  ^aกนกวรรณ ฉันธนะมงคล
110 1  ^aมหาวิทยาลัยหัวเฉียวเฉลิมพระเกียรติ^bคณะพยาบาลศาสตร์
245 00 ^aการพยาบาลทารกแรกเกิด/^cกนกวรรณ ฉันธนะมงคล
250    ^aพิมพ์ครั้งที่ 8 (ฉบับปรับปรุง)
260    ^aสมุทรปราการ:^bโครงการสำนักพิมพ์มหาวิทยาลัยหัวเฉียวเฉลิมพระเกียรติ,^c2556
300    ^a279 หน้า:^bภาพประกอบ
650  7 ^aทารกแรกเกิด
945    ^p220^l0^i000319
999    ^aเกษร โพธิ์สุวรรณ
รายการนี้ยังไม่มีแท็ก
คุณยังไม่ได้ล็อกอิน คุณสามารถมีกิจกรรมร่วมกับเว็บไซต์ได้ แต่ต้องล็อกอินก่อน ::
  ล็อกอิน

รายการสื่อสารสนเทศ

ลำดับที่ ประเภท เลขเรียก/บาร์โค้ด สถานที่ สถานะ
1. Book การพยาบาล
หนังสือสำรอง
สถานะ=หนังสือสำรอง
WY159 ก125ก ฉ.1 
  Barcode: 000319
ห้องสมุดวิทยาเขตสวรรค์ประชารักษ์
►หนังสือทั่วไป
บนชั้น

รายการใกล้เคียง
    ผู้แต่ง [กนกวรรณ ฉันธนะมงคล]

    หัวเรื่อง [ทารกแรกเกิด]

BibComment


ยังไม่เคยถูกคอมเมนท์

คอมเมนท์ทรัพยากรรายการนี้
  คอมเมนท์: การพยาบาลทารกแรก..


 Copyright 2026. Bcnsprnw @Library